Bailey & Scott's Diagnostic Microbiology (Record no. 551)

MARC details
000 -LEADER
fixed length control field 00922cam a2200277 a 4500
001 - CONTROL NUMBER
control field 12762917
003 - CONTROL NUMBER IDENTIFIER
control field OSt
005 - DATE AND TIME OF LATEST TRANSACTION
control field 20190821165653.0
008 - FIXED-LENGTH DATA ELEMENTS--GENERAL INFORMATION
fixed length control field 020502s2002 moua b 001 0 eng
010 ## - LIBRARY OF CONGRESS CONTROL NUMBER
LC control number 2002279911
020 ## - INTERNATIONAL STANDARD BOOK NUMBER
International Standard Book Number 0323016782
040 ## - CATALOGING SOURCE
Original cataloging agency DLC
Transcribing agency DLC
Modifying agency DLC
050 00 - LIBRARY OF CONGRESS CALL NUMBER
Classification number QR67
Item number .B37 2002
082 00 - DEWEY DECIMAL CLASSIFICATION NUMBER
Classification number QW 4 F46b 2002
Edition number 21
100 1# - MAIN ENTRY--PERSONAL NAME
Personal name Forbes, Betty A.; Sahm, Daniel F.; Weissfeld, Alice S.
9 (RLIN) 1420
245 10 - TITLE STATEMENT
Title Bailey & Scott's Diagnostic Microbiology
250 ## - EDITION STATEMENT
Edition statement 11th ed.
260 ## - PUBLICATION, DISTRIBUTION, ETC. (IMPRINT)
Place of publication, distribution, etc. St. Louis :
Name of publisher, distributor, etc. Mosby,
Date of publication, distribution, etc. c2002.
300 ## - PHYSICAL DESCRIPTION
Extent xvii, 1069 p. :
Other physical details ill. (chiefly col.) ;
Dimensions 29 cm.
504 ## - BIBLIOGRAPHY, ETC. NOTE
Bibliography, etc Includes bibliographical references and index.
650 #0 - SUBJECT ADDED ENTRY--TOPICAL TERM
Topical term or geographic name as entry element Diagnostic microbiology.
9 (RLIN) 1421
650 12 - SUBJECT ADDED ENTRY--TOPICAL TERM
Topical term or geographic name as entry element Microbiological Techniques.
9 (RLIN) 745
906 ## - LOCAL DATA ELEMENT F, LDF (RLIN)
a 7
b cbc
c origcop
d 2
e ncip
f 20
g y-gencatlg
942 ## - ADDED ENTRY ELEMENTS (KOHA)
Source of classification or shelving scheme Other/Generic Classification Scheme
Koha item type Short Loan
Holdings
Withdrawn status Lost status Source of classification or shelving scheme Damaged status Not for loan Home library Current library Date acquired Source of acquisition Inventory number Total Checkouts Full call number Barcode Date last seen Koha item type Public note Price effective from
    Other/Generic Classification Scheme     MUST Main Library MUST Main Library 22/10/2014 Purchase 2003/19788   QW 4 F46b 2002 2014-3065 22/10/2014 Short Loan    
    Other/Generic Classification Scheme     MUST Main Library MUST Main Library 22/10/2014 Purchase 2003/19787   QW 4 F46b 2002 2014-3066 22/10/2014 Short Loan    
    Other/Generic Classification Scheme     MUST Main Library MUST Main Library 23/05/2016 Purchases 04/21743   QW 4 F46b 2002 2016-2061 23/05/2016 Open Shelf No borrowing  
    Other/Generic Classification Scheme     MUST Main Library MUST Main Library 22/06/2016   2004/21743   QW 4 F46b 2002 2016-2641 22/06/2016 Open Shelf   22/06/2016